ការត្រួតពិនិត្យ និងវាយតំលៃកៅស៊ូកម្ពុជា (Record no. 175)
[ view plain ]
| 000 -LEADER | |
|---|---|
| fixed length control field | 00490nam a22001577a 4500 |
| 003 - CONTROL NUMBER IDENTIFIER | |
| control field | OSt |
| 005 - DATE AND TIME OF LATEST TRANSACTION | |
| control field | 20150909162046.0 |
| 008 - FIXED-LENGTH DATA ELEMENTS--GENERAL INFORMATION | |
| fixed length control field | 150909b xxu||||| |||| 00| 0 eng d |
| 040 ## - CATALOGING SOURCE | |
| Transcribing agency | RUA |
| 082 ## - DEWEY DECIMAL CLASSIFICATION NUMBER | |
| Classification number | AGR ដុង 1994 B009 Or.1 |
| 100 ## - MAIN ENTRY--PERSONAL NAME | |
| 9 (RLIN) | 196 |
| Personal name | ដុង ចិន្ដា |
| 245 ## - TITLE STATEMENT | |
| Title | ការត្រួតពិនិត្យ និងវាយតំលៃកៅស៊ូកម្ពុជា |
| 260 ## - PUBLICATION, DISTRIBUTION, ETC. (IMPRINT) | |
| Place of publication, distribution, etc. | Phnom Penh |
| Name of publisher, distributor, etc. | RUA |
| Date of publication, distribution, etc. | 1994 |
| 300 ## - PHYSICAL DESCRIPTION | |
| Extent | 49p. |
| Other physical details | ill. |
| Dimensions | 29cm. |
| 942 ## - ADDED ENTRY ELEMENTS (KOHA) | |
| Source of classification or shelving scheme | |
| Koha item type | AGR |
| Price effective from | Date last seen | Permanent Location | Not for loan | Date acquired | Source of classification or shelving scheme | Koha item type | Lost status | Withdrawn status | Date last checked out | Total Checkouts | Shelving location | Damaged status | Barcode | Current Location | Full call number |
|---|---|---|---|---|---|---|---|---|---|---|---|---|---|---|---|
| 2015-09-09 | 2015-09-09 | Library Block B | 2015-09-09 | AGR | B009 | RUA003963 | Library Block B | AGR ដុង 1994 B009 Or.1 | |||||||
| 2015-09-09 | 2015-09-09 | Library Block B | 2015-09-09 | AGR | B009 | RUA003396 | Library Block B | AGR ដុង 1994 B009 Or.2 | |||||||
| 2015-09-09 | 2015-09-09 | Library Block B | 2015-09-09 | AGR | B009 | RUA003468 | Library Block B | AGR ដុង 1994 B009 Or.3 | |||||||
| 2015-09-09 | 2015-09-09 | Library Block B | 2015-09-09 | AGR | B009 | RUA004929 | Library Block B | AGR ដុង 1994 B009 Or.4 | |||||||
| 2015-09-09 | 2015-09-09 | Library Block B | 2015-09-09 | AGR | B009 | RUA003964 | Library Block B | AGR ដុង 1994 B009 Or.5 | |||||||
| 2015-09-09 | 2025-10-27 | Library Block B | 2015-09-09 | AGR | 2025-10-18 | 1 | B009 | RUA004930 | Library Block B | AGR ដុង 1994 B009 Or.6 | |||||
| 2015-09-09 | 2015-09-09 | Library Block B | 2015-09-09 | AGR | B009 | RUA003540 | Library Block B | AGR ដុង 1994 B009 Or.7 | |||||||
| 2015-09-09 | 2015-09-09 | Library Block B | 2015-09-09 | AGR | B009 | RUA003325 | Library Block B | AGR ដុង 1994 B009 Or.8 | |||||||
| 2015-09-09 | 2015-09-09 | Library Block B | 2015-09-09 | AGR | B009 | RUA003397 | Library Block B | AGR ដុង 1994 B009 Or.9 | |||||||
| 2015-09-09 | 2015-09-09 | Library Block B | 2015-09-09 | AGR | B009 | RUA003253 | Library Block B | AGR ដុង 1994 B009 Or.10 |